[Event "Valencia Region-ch Preferente"]
[Site "Valencia"]
[Date "2015.10.31"]
[Round "4.1"]
[White "Bravo Segura, Francisco Javier"]
[Black "Hassomal Daswani, Birjkumar"]
[Result "1-0"]
[WhiteElo "1890"]
[BlackElo "2085"]
[PlyCount "91"]
[EventDate "2015.10.03"]
[EventType "swiss"]
[EventRounds "7"]
[EventCountry "ESP"]
[SourceTitle "EXT 2024"]
[Source "ChessBase"]
[SourceDate "2023.10.10"]
[SourceVersion "1"]
[SourceVersionDate "2023.10.10"]
[SourceQuality "1"]

1. d4 Nf6 2. Nf3 g6 3. Bf4 d6 4. h3 Bg7 5. e3 Nbd7 6. Be2 0-0 7. 0-0 Re8 8. c4 c6 9. Nc3 Qa5 10. Qd2 e5 11. Bh2 a6 12. Rfd1 b5 13. Ne4 Qc7 14. Nxf6+ Bxf6 15. Rac1 Qb6 16. Qc2 b4 17. c5 dxc5 18. dxc5 Qa5 19. Bc4 Kg7 20. Bb3 Nf8 21. Rd6 Bf5 22. Qc4 Be6 23. Qc2 Bxb3 24. Qxb3 Qb5 25. Qc2 a5 26. Qe4 Re6 27. Rxe6 Nxe6 28. Bxe5 Bxe5 29. Qxe5+ Kg8 30. Nd4 Nxd4 31. exd4 Rd8 32. Qf6 Re8 33. d5 cxd5 34. c6 Qb6 35. Qd6 Rd8 36. Qe7 Rc8 37. c7 Qb7 38. b3 Qa8 39. Qd7 Qb7 40. Rc6 Kg7 41. g4 h6 42. h4 Kg8 43. g5 h5 44. f4 d4 45. f5 gxf5 46. g6 1-0

[Event "Valencia Region-ch Preferente"]
[Site "Valencia"]
[Date "2015.10.17"]
[Round "2.2"]
[White "Bravo Segura, Francisco Javier"]
[Black "Forano Civera, Miguel"]
[Result "1-0"]
[WhiteElo "1890"]
[BlackElo "2024"]
[PlyCount "35"]
[EventDate "2015.10.03"]
[EventType "swiss"]
[EventRounds "7"]
[EventCountry "ESP"]
[SourceTitle "EXT 2024"]
[Source "ChessBase"]
[SourceDate "2023.10.10"]
[SourceVersion "1"]
[SourceVersionDate "2023.10.10"]
[SourceQuality "1"]

1. d4 Nf6 2. Nf3 e6 3. c4 c6 4. g3 Bb4+ 5. Bd2 Be7 6. Bg2 b6 7. Nc3 Bb7 8. 0-0 d5 9. cxd5 cxd5 10. Rc1 Nc6 11. Bf4 0-0 12. Ne5 Nxe5 13. dxe5 Nd7 14. h4 f6 15. exf6 Bxf6 16. Bd6 Re8 17. Ba3 a6 18. e3 1-0

[Event "Provincial-ch Valencia Preferente"]
[Site "Valencia"]
[Date "2009.11.07"]
[Round "4.14"]
[White "Bravo Segura, Francisco Javier"]
[Black "Gadea Iafigliola, Gabriel Fernan"]
[Result "1-0"]
[WhiteElo "1911"]
[BlackElo "1936"]
[PlyCount "72"]
[EventDate "2009.10.03"]
[EventType "swiss"]
[EventRounds "7"]
[EventCountry "ESP"]
[SourceTitle "EXT 2024"]
[Source "ChessBase"]
[SourceDate "2023.10.10"]
[SourceVersion "1"]
[SourceVersionDate "2023.10.10"]
[SourceQuality "1"]

1. d4 Nf6 2. c4 e6 3. g3 d5 4. Bg2 c6 5. cxd5 exd5 6. Nc3 Bf5 7. Nf3 Nbd7 8. 0-0 Be7 9. Re1 Ne4 10. Nd2 Ndf6 11. Ndxe4 dxe4 12. e3 Bb4 13. Qb3 Qe7 14. a3 Bxc3 15. bxc3 0-0 16. c4 Be6 17. Qc2 Qd7 18. Bd2 Rfe8 19. Reb1 Rab8 20. Rb2 b6 21. Rab1 Bg4 22. Be1 Bf3 23. a4 Qe6 24. a5 Nd7 25. Bb4 h5 26. h4 g5 27. hxg5 Bxg2 28. Kxg2 Qg4 29. Bd6 Qf3+ 30. Kh2 Rbc8 31. axb6 axb6 32. Qe2 Qf5 33. Bf4 Kg7 34. Kg2 Rh8 35. Rh1 Kg6 36. Rh4 Rb8 1-0

[Event "Provincial-ch Valencia Preferente"]
[Site "Valencia"]
[Date "2009.10.03"]
[Round "1"]
[White "Gris Catala, Manuel"]
[Black "Bravo Segura, Francisco Javier"]
[Result "1/2-1/2"]
[WhiteElo "1753"]
[BlackElo "1911"]
[PlyCount "68"]
[EventDate "2009.10.03"]
[EventType "swiss"]
[EventRounds "7"]
[EventCountry "ESP"]
[SourceTitle "EXT 2024"]
[Source "ChessBase"]
[SourceDate "2023.10.10"]
[SourceVersion "1"]
[SourceVersionDate "2023.10.10"]
[SourceQuality "1"]

1. d4 d5 2. c4 e6 3. Nc3 f5 4. cxd5 exd5 5. Nf3 Nf6 6. Bg5 Be7 7. e3 c6 8. Bd3 0-0 9. 0-0 Ne4 10. Bxe7 Qxe7 11. Ne2 Nd7 12. Rc1 Ndf6 13. Ne5 Ng4 14. Nxg4 fxg4 15. Bxe4 Qxe4 16. Ng3 Qg6 17. Qb3 Rf7 18. Qc3 Bd7 19. Qc2 Bf5 20. Nxf5 Rxf5 21. Rce1 Qf7 22. e4 dxe4 23. Rxe4 Rf8 24. b3 h5 25. Qe2 Qd5 26. Re7 R5f7 27. Re5 Qxd4 28. Rxh5 Qd7 29. Rg5 Rf4 30. Re5 Qd4 31. Re7 R4f7 32. Rxf7 Rxf7 33. Qe8+ Rf8 34. Qe6+ Rf7 1/2-1/2

[Event "Valencia Provincial Norte"]
[Site "Valencia"]
[Date "2009.01.17"]
[Round "2.3"]
[White "Bravo Segura, Francisco Javier"]
[Black "Lopez Diaz, Rafael"]
[Result "0-1"]
[WhiteElo "1936"]
[BlackElo "1726"]
[PlyCount "52"]
[EventDate "2009.01.10"]
[EventType "team-tourn"]
[EventRounds "5"]
[EventCountry "ESP"]
[SourceTitle "EXT 2011"]
[Source "ChessBase"]
[SourceDate "2010.11.26"]
[SourceVersion "1"]
[SourceVersionDate "2010.11.26"]
[SourceQuality "1"]

1. e4 e5 2. Nf3 Nc6 3. Bc4 Nf6 4. d3 Bc5 5. 0-0 h6 6. Qe2 d6 7. h3 Be6 8. Bb3 g6 9. Be3 Bxb3 10. axb3 Bb6 11. c3 Nh5 12. d4 Qe7 13. d5 Nd8 14. Bxb6 cxb6 15. g3 0-0 16. Nbd2 f5 17. Nh4 Qg5 18. Ndf3 Nf4 19. Qe3 Nxh3+ 20. Kh2 Qxe3 21. fxe3 fxe4 22. Kxh3 exf3 23. Nxg6 Rf6 24. Nh4 e4 25. Ra4 Nf7 26. Rxe4 Ng5+ 0-1